| 000 | 00376nam a22001697a 4500 | ||
|---|---|---|---|
| 005 | 20170920122555.0 | ||
| 008 | 160905b xxu||||| |||| 00| 0 eng d | ||
| 020 | _a978-0-07-46-3643-5 | ||
| 041 | _aeng | ||
| 082 | _a621 | ||
| 100 |
_aHMT _9969 |
||
| 245 | _aMECHATRONICS | ||
| 260 |
_bTATA MCHRAW HILL _c2015 |
||
| 300 | _a453 | ||
| 650 |
_aENGINEERING _93965 |
||
| 942 | _cBK | ||
| 999 |
_c5203 _d5201 |
||